000 01312cam a22003497a 4500
003 CHAP
005 20220329142323.0
008 000621d2000 mx r 00110 spa d
010 _a81652
011 _a82624
035 _a93123
040 _cCHAP
090 _aTesis
100 0 0 _aTorres Jiménez, Martín.
_9114146
245 1 0 _aPlantas medicinales de Pozos, Gto. ; germinación de Gnaphallium semiamplexicaule D.C., Conyza filagioides (D.C) Hieron y germinación y fenología de Heliopsis Ilongipes (A,Gray) Blake
_c/por Martín Torres Jiménez
260 _aChapingo, Méx. :
_bEl autor,
_c2000.
300 _a151 h. :
_bgráfs.
502 _aTesis (Ing. Agr. Esp. en Fitotecnia) -- UACH. Departamento de Fitotecnia
590 _aALEPH
_b10
_c20130110
_lUCH01
_h1436
590 _aBATCH-UPD
_b10
_c20130110
_lUCH01
_h0434
590 _aBATCH-UPD
_b10
_c20130410
_lUCH01
_h0110
590 _aBATCH-UPD
_b10
_c20130914
_lUCH01
_h0741
590 _aCONVERSION
_b10
_c20130109
_lUCH01
_h1345
650 1 4 _aBotánica médica.
_914680
650 1 4 _aPlantas cultivadas.
_988921
650 1 4 _aPlantas
_xIdentificación.
_988842
901 _aBK
905 _aGuadalupe Pinto C.
942 _cFOLL
949 _bBC
_cTES
_d33724000783833
_eTS2
_fc.2
_h36575
_i93123
_si
949 _bBC
_cTES
_d931231
_eTS1
_h36574
_i93123
_sb
999 _c81652
_d81652